Which countries do you cross? San Francisco - Mogadishu - Statistics

General Stats
  • This quiz has been taken 125 times
  • The average score is 14 of 19
Answer Stats
Km Country % Correct
1353 United States
98%
579 Ethiopia
87%
3080 Canada
82%
453 Somalia
82%
1137 Saudi Arabia
77%
170 Djibouti
75%
130 Eritrea
75%
1090 Denmark (Greenland)
70%
115 Norway
70%
523 Sweden
70%
97 Syria
69%
585 Turkey
69%
303 Jordan
67%
66 Lebanon
65%
521 Ukraine
63%
249 Belarus
62%
116 Latvia
62%
305 Lithuania
61%
206 Moldova
56%
No matching quizzes found
Score Distribution
Percent of People with Each Score
Percentile by Number Answered
Your Score History
You have not taken this quiz